| 000 | 003990000a22001690004500 | ||
|---|---|---|---|
| 003 | MACL | ||
| 005 | 20160106124942.0 | ||
| 008 | 160106b xxu||||| |||| 00| 0 eng d | ||
| 040 |
_aMACL _cMACL |
||
| 041 | _aEnglish | ||
| 082 | _a823/NOR | ||
| 100 |
_aNorris, Frank _928561 |
||
| 245 | _aThe Pit | ||
| 260 |
_bGrant Richards _c1903 _aLondon |
||
| 650 |
_aStories _928562 |
||
| 942 |
_cBK _k823/Nor _2ddc |
||
| 999 |
_c36418 _d36418 |
||